[Event "World Youth U16 Olympiad"]
[Site "Gyor HUN"]
[Date "2014.12.15"]
[Round "4.22"]
[Board "2"]
[White "Czupor, Attila"]
[Black "Nagy, Istvan Miklos"]
[Result "1/2-1/2"]
[WhiteElo "2107"]
[BlackElo "1730"]
[WhiteTeam "Transdanubium West 2"]
[BlackTeam "Györ (Hungary)"]
[WhiteFideId "752495"]
[BlackFideId "760471"]
[EventDate "2014.12.13"]
[EventType "team"]

1. Nf3 d5 2. g3 Bf5 3. Bg2 Nf6 4. O-O e6 5. d3 Be7 6. Nbd2 O-O 7. c4 c6 8. Qb3
Qb6 9. Qc2 Nbd7 10. Nh4 Bg4 11. Nb3 Rac8 12. Be3 Qc7 13. Rac1 Ne8 14. Nf3 Bf5
15. Qd2 Qd8 16. Nfd4 Bg6 17. cxd5 cxd5 18. Rxc8 Qxc8 19. Rc1 Qd8 20. Qa5 Qb8 21.
Bh3 Nef6 22. Qc7 a6 23. Nxe6 Bd6 24. Qxb8 Rxb8 25. Nf4 Re8 26. Nxd5 Bh5 27.
Nxf6+ Nxf6 28. Kf1 Nd5 29. Rc8 Nxe3+ 30. fxe3 f6 31. Bd7 Rxc8 32. Bxc8 Bf7 33.
Bxb7 Bxb3 34. axb3 a5 35. Ke1 Kf7 36. d4 h6 37. Kd2 Ke7 38. Kd3 Bc7 39. Be4 Bd6
40. Bg6 Bb4 41. e4 Kd6 42. g4 Be1 43. Ke3 Bb4 44. Kf4 Bd2+ 45. Kf5 Bc1 46. Bf7
Bxb2 47. d5 Be5 48. Kg6 Bxh2 49. Kxg7 Ke5 50. Bg6 Bf4 51. Kf7 Bg5 52. Bf5 Kd6
53. Ke8 Bh4 54. Kf7 Bg5 55. Kg6 Ke5 56. Bc8 Kd6 57. Kf5 Bh4 58. Bb7 Bg5 59. Ba6
Bh4 60. Bc8 Bg5 61. Kg6 Ke5 62. Bf5 Kd6 63. Kg7 Ke5 64. Kf7 Kd6 65. Ke8 Bh4 1/2-1/2

[Event "World Youth U16 Olympiad"]
[Site "Gyor HUN"]
[Date "2014.12.15"]
[Round "4.22"]
[Board "3"]
[White "Kurcsics, Erika"]
[Black "Szukics, Adam"]
[Result "0-1"]
[WhiteElo "1803"]
[BlackElo "2000"]
[WhiteTeam "Györ (Hungary)"]
[BlackTeam "Transdanubium West 2"]
[WhiteFideId "713848"]
[BlackFideId "751871"]
[EventDate "2014.12.13"]
[EventType "team"]

1. e4 e5 2. Nf3 Nc6 3. d4 exd4 4. Nxd4 Bc5 5. Nxc6 bxc6 6. c4 d6 7. Nc3 Qh4 8.
g3 Qf6 9. Qe2 Be6 10. Be3 Bb4 11. Rc1 Ne7 12. Bg2 O-O 13. O-O Rad8 14. Rfd1 Bxc3
15. Rxc3 c5 16. f4 Rfe8 17. Ra3 h5 18. f5 Bc8 19. Rxa7 Rd7 20. Rd2 Nc6 21. Ra8
Ne5 22. Bf4 Rde7 23. Bxe5 Qxe5 24. Qxh5 Bb7 25. Rxe8+ Rxe8 26. Qg4 Ra8 27. a3
Ba6 28. Qe2 Rb8 29. Bf3 Kf8 30. Kg2 Rb3 31. Kf2 Rb6 32. Ke1 Rb3 33. Bg2 Kg8 34.
Kd1 Rxa3 35. Rd5 Ra1+ 36. Kc2 Qe8 37. Kd2 Qa4 38. Bf1 Qb3 39. Rd3 Qxc4 40. Ke3
Qc1+ 41. Kf2 Qxf1+ 42. Qxf1 Rxf1+ 43. Kxf1 Bxd3+ 44. Kf2 Bxe4 45. g4 f6 46. Ke3
Bc6 47. h4 Kf7 48. g5 fxg5 49. hxg5 g6 50. f6 Ke6 51. Kf4 Bd5 52. Kg4 Ke5 53.
Kg3 Kf5 0-1

[Event "World Youth U16 Olympiad"]
[Site "Gyor HUN"]
[Date "2014.12.15"]
[Round "4.22"]
[Board "4"]
[White "Szakasics, Emese"]
[Black "Nemeth, Balint"]
[Result "1-0"]
[WhiteElo "1670"]
[BlackElo "1560"]
[WhiteTeam "Transdanubium West 2"]
[BlackTeam "Györ (Hungary)"]
[WhiteFideId "758876"]
[BlackFideId "763837"]
[EventDate "2014.12.13"]
[EventType "team"]

1. e4 e5 2. Nf3 Nc6 3. Bc4 Bc5 4. c3 Nf6 5. d3 h6 6. Nbd2 O-O 7. h3 d6 8. Nf1
Be6 9. Bb5 a6 10. Ba4 b5 11. Bc2 d5 12. Qe2 dxe4 13. dxe4 Bc4 14. Qd2 Qe7 15.
Qd1 Bxf1 16. Kxf1 Rad8 17. Qe2 Nh5 18. g3 Nf6 19. Kg2 Nh7 20. Nh4 Qf6 21. Nf5
Ne7 22. Ne3 c6 23. Ng4 Qe6 24. b4 Bb6 25. Bb3 Qd6 26. Rd1 Qc7 27. Rxd8 Rxd8 28.
Bxh6 gxh6 29. Nxh6+ Kg7 30. Nxf7 Rf8 31. Qh5 Rxf7 32. Qxf7+ Kh8 33. Rd1 c5 34.
Qe8+ Kg7 35. Rd7 1-0

[Event "World Youth U16 Olympiad"]
[Site "Gyor HUN"]
[Date "2014.12.15"]
[Round "4.24"]
[Board "2"]
[White "Herath, N N B"]
[Black "Egyed, Judit"]
[Result "1-0"]
[WhiteElo "1743"]
[BlackElo "1914"]
[WhiteTeam "Sri Lanka"]
[BlackTeam "Hungary (Girls)"]
[WhiteFideId "9914030"]
[BlackFideId "703664"]
[EventDate "2014.12.13"]
[EventType "team"]

1. Nf3 Nf6 2. c4 g6 3. b4 Bg7 4. Bb2 O-O 5. d4 d6 6. e3 Nbd7 7. Be2 c5 8. bxc5
dxc5 9. Nbd2 Qc7 10. O-O b6 11. Qb3 e6 12. Rfd1 Bb7 13. a4 a5 14. Rac1 Rfd8 15.
Nb1 cxd4 16. exd4 Bh6 17. Rc2 Be4 18. Rc3 Bf5 19. Bc1 Bf8 20. Bg5 Rdc8 21. Rcc1
Ne4 22. Be3 Bb4 23. Na3 Qb7 24. Nb5 Rd8 25. Bf4 Rac8 26. h3 h5 27. Qe3 Ndf6 28.
Be5 Nd7 29. Bf4 Ndf6 30. Ne5 Nd6 31. Bg5 Kg7 32. Bf3 Qa6 33. g4 hxg4 34. hxg4
Rh8 35. Nxd6 Bxd6 36. Bxf6+ Kxf6 37. gxf5 gxf5 38. Kf1 Bxe5 39. Qxe5+ Ke7 40.
Qb5 Qa7 41. c5 bxc5 42. Rxc5 Rb8 43. Qxa5 1-0

[Event "World Youth U16 Olympiad"]
[Site "Gyor HUN"]
[Date "2014.12.15"]
[Round "4.24"]
[Board "3"]
[White "Kovacs, Judit"]
[Black "Doluweera, Minul Sanjula"]
[Result "1/2-1/2"]
[BlackTitle "CM"]
[WhiteElo "1849"]
[BlackElo "2031"]
[WhiteTeam "Hungary (Girls)"]
[BlackTeam "Sri Lanka"]
[WhiteFideId "769215"]
[BlackFideId "9910760"]
[EventDate "2014.12.13"]
[EventType "team"]

1. d4 Nf6 2. c4 e6 3. Nf3 d5 4. g3 Bb4+ 5. Bd2 Be7 6. Bg2 O-O 7. O-O c6 8. Nc3
b6 9. Ne5 Ba6 10. cxd5 cxd5 11. a3 Ne8 12. Re1 f6 13. Nd3 Bxd3 14. exd3 Nc7 15.
Bh3 f5 16. Ne2 Re8 17. Rc1 Bd6 18. Bf4 Nb5 19. Bxd6 Qxd6 20. Qa4 a6 21. Nc3 Nc6
22. Ne2 g6 23. f4 Rec8 24. Rc2 Nbxd4 25. Nxd4 b5 26. Rxc6 Rxc6 27. Qb4 Qxb4 28.
axb4 Rd6 29. Rxe6 Rxe6 30. Nxe6 Rc8 31. Nc5 a5 32. d4 axb4 33. Bg2 Kf7 34. Kf2
Ke7 35. Ke3 Kd6 36. Bf1 Ra8 37. h4 Ra1 38. Bxb5 Ra2 39. b3 Rg2 40. Kf3 Rd2 41.
Bd3 h5 42. Ke3 Rg2 43. Kf3 Rd2 44. Ke3 Rg2 1/2-1/2

[Event "World Youth U16 Olympiad"]
[Site "Gyor HUN"]
[Date "2014.12.15"]
[Round "4.24"]
[Board "4"]
[White "Mendis, Dasuni Hansika"]
[Black "Olle, Rebeka Sara"]
[Result "1-0"]
[WhiteElo "1688"]
[BlackElo "1827"]
[WhiteTeam "Sri Lanka"]
[BlackTeam "Hungary (Girls)"]
[WhiteFideId "9907696"]
[BlackFideId "767018"]
[EventDate "2014.12.13"]
[EventType "team"]

1. d4 Nf6 2. c4 c5 3. d5 e6 4. Nf3 exd5 5. cxd5 d6 6. Nc3 g6 7. Nd2 Bg7 8. Nc4
O-O 9. Bf4 Ne8 10. Qd2 Qe7 11. Nb5 Be5 12. Nxe5 dxe5 13. Bh6 Ng7 14. d6 Qd7 15.
Nc7 Na6 16. Nxa8 Rd8 17. Bg5 1-0

[Event "World Youth U16 Olympiad"]
[Site "Gyor HUN"]
[Date "2014.12.15"]
[Round "4.25"]
[Board "1"]
[White "Koo, Inmo"]
[Black "Oltman, Kayla"]
[Result "0-1"]
[WhiteElo "1846"]
[BlackElo "1529"]
[WhiteTeam "South Korea 2"]
[BlackTeam "South Africa (Girls)"]
[WhiteFideId "13202863"]
[BlackFideId "14318490"]
[EventDate "2014.12.13"]
[EventType "team"]

1. e4 c6 2. d4 d5 3. exd5 cxd5 4. c4 Nf6 5. Nc3 Nc6 6. Nf3 Bg4 7. cxd5 Nxd5 8.
Qb3 Bxf3 9. gxf3 Nxc3 10. bxc3 Qc7 11. Rb1 Rb8 12. Be3 e6 13. Qa4 Bd6 14. h3 Kd7
15. c4 Qa5+ 16. Qxa5 Nxa5 17. Rb5 b6 18. c5 Bc7 19. Bd2 Nc6 20. cxb6 Rxb6 21.
Rxb6 Bxb6 22. Bc3 Bxd4 23. Bxd4 Nxd4 24. Bg2 Rb8 25. O-O Ne2+ 26. Kh2 Nc3 27. a3
Rb2 28. Ra1 Rxf2 29. Kg3 Rd2 30. Bf1 Ne2+ 31. Bxe2 Rxe2 32. Rb1 Rc2 33. Kf4 Rc4+
34. Kg5 h6+ 35. Kh5 Kd6 36. Rg1 Rc5+ 37. Kg4 Rg5+ 0-1

[Event "World Youth U16 Olympiad"]
[Site "Gyor HUN"]
[Date "2014.12.15"]
[Round "4.25"]
[Board "2"]
[White "Kolver, Michelle"]
[Black "Huh, Maximilian Romeo Eunhong"]
[Result "1-0"]
[WhiteElo "1584"]
[BlackElo "1231"]
[WhiteTeam "South Africa (Girls)"]
[BlackTeam "South Korea 2"]
[WhiteFideId "14307839"]
[BlackFideId "13203193"]
[EventDate "2014.12.13"]
[EventType "team"]

1. d4 d5 2. Nf3 Nf6 3. Bg5 g6 4. Nbd2 Bg7 5. e3 O-O 6. Bd3 Bf5 7. Be2 Nbd7 8.
O-O Ne4 9. Bf4 Ndf6 10. Nh4 Bd7 11. f3 Nxd2 12. Qxd2 h6 13. e4 dxe4 14. Bxh6 Nh7
15. Bxg7 Kxg7 16. fxe4 e5 17. Nf3 exd4 18. Qxd4+ Qf6 19. e5 Qe6 20. Bc4 Qb6 21.
e6+ Qxd4+ 22. Nxd4 fxe6 23. Nxe6+ Bxe6 24. Bxe6 Rxf1+ 25. Rxf1 Ng5 26. Bd5 c6
27. Bb3 Kh6 28. Rf4 Kh5 29. h4 Nh7 30. Kh2 g5 31. Rf7 Rh8 32. Rxb7 Kxh4 33. Rxa7
Nf6 34. Ra4+ Kh5 35. Kg1 Rd8 36. Bf7+ Kh6 37. Ra3 Rd1+ 38. Kh2 Ne4 39. Re3 Nf6
40. Rd3 Ng4+ 41. Kg3 Rxd3+ 42. cxd3 Ne5 43. Bc4 c5 44. a4 Nc6 45. Kg4 Kg6 46.
Kf3 Kf5 47. g4+ Ke5 48. Ke3 Na5 49. Bb5 Nb3 50. Bd7 Na5 51. Bf5 Nb3 52. Be4 Na5
53. Kd2 Kd4 54. Kc2 Ke5 55. Kc3 Kd6 56. b4 cxb4+ 57. Kxb4 Nc6+ 58. Bxc6 Kxc6 59.
d4 Kb7 60. Kb5 Ka7 61. a5 1-0

[Event "World Youth U16 Olympiad"]
[Site "Gyor HUN"]
[Date "2014.12.15"]
[Round "4.25"]
[Board "4"]
[White "De, Bruyn Aleida"]
[Black "Lee, Jeeho"]
[Result "1-0"]
[WhiteTitle "WFM"]
[WhiteElo "1607"]
[BlackElo "1162"]
[WhiteTeam "South Africa (Girls)"]
[BlackTeam "South Korea 2"]
[WhiteFideId "14304546"]
[BlackFideId "13203231"]
[EventDate "2014.12.13"]
[EventType "team"]

1. c4 c6 2. Nc3 Nf6 3. Nf3 d5 4. cxd5 cxd5 5. d4 Bf5 6. Bf4 Nc6 7. e3 e6 8. Bd3
Bd6 9. Bxd6 Qxd6 10. O-O O-O 11. a3 Rfe8 12. Qc2 Bxd3 13. Qxd3 e5 14. dxe5 Nxe5
15. Nxe5 Qxe5 16. h3 Rad8 17. Rfd1 Ne4 18. Nxe4 Qxe4 19. Qd2 Re7 20. Rac1 Red7
21. Rc3 h6 22. Rd3 f5 23. Rd4 Qe5 24. Qa5 b6 25. Qb5 g5 26. Qb3 Kg7 27. Qc3 Kh7
28. Qd3 Kg8 29. Re1 Re8 30. Rd1 Red8 31. f3 a5 32. Qb3 Rd6 33. e4 Kg7 34. exd5
Kf8 35. Qd3 a4 36. Qd2 h5 37. Qxg5 Rxd5 38. Qh6+ Ke7 39. Qh7+ Kf8 40. Qh6+ Ke7
41. Rxd5 Rxd5 42. Rxd5 Qxd5 43. Qxb6 Qa2 44. Kh2 Qe6 45. Qb4+ Kf7 46. Qxa4 Qe5+
47. f4 Qxb2 48. Qd7+ Kf6 49. Qd6+ Kf7 50. Qd5+ Kf6 51. Qe5+ Qxe5 52. fxe5+ Kxe5
53. Kg3 Ke4 54. a4 1-0

[Event "World Youth U16 Olympiad"]
[Site "Gyor HUN"]
[Date "2014.12.15"]
[Round "4.26"]
[Board "1"]
[White "Rebaz, Nasir Jamal"]
[Black "Song, Guannan Terry"]
[Result "0-1"]
[WhiteElo "1719"]
[BlackElo "2004"]
[WhiteTeam "Iraq"]
[BlackTeam "Canada 3"]
[WhiteFideId "4808649"]
[BlackFideId "2614189"]
[EventDate "2014.12.13"]
[EventType "team"]

1. e4 c5 2. Nf3 d6 3. d4 cxd4 4. Nxd4 Nf6 5. Nc3 a6 6. Bg5 e6 7. Qd2 Be7 8.
O-O-O Nbd7 9. Bc4 Nc5 10. Rhe1 b5 11. Bxf6 Bxf6 12. Bb3 Bb7 13. a3 Nxb3+ 14.
Nxb3 Be7 15. f4 O-O 16. Kb1 Qb6 17. Nd4 Rfe8 18. g4 Rac8 19. Re3 Rc4 20. Rd3 b4
21. Na4 Qa7 22. b3 Rc7 23. axb4 Bxe4 24. Rc3 Rec8 25. Rxc7 Qxc7 26. Rc1 d5 27.
Kb2 Bd6 28. Ne2 Qe7 29. c3 a5 30. Nd4 g6 31. Nb6 Re8 32. Ka3 Qc7 33. Na4 Bxf4
34. Nb5 Bxd2 35. Nxc7 Bxc1+ 0-1

[Event "World Youth U16 Olympiad"]
[Site "Gyor HUN"]
[Date "2014.12.15"]
[Round "4.26"]
[Board "3"]
[White "Noori, Sabah Nori"]
[Black "Cai, Jason"]
[Result "1-0"]
[WhiteElo "1891"]
[BlackElo "1962"]
[WhiteTeam "Iraq"]
[BlackTeam "Canada 3"]
[WhiteFideId "4806620"]
[BlackFideId "2618133"]
[EventDate "2014.12.13"]
[EventType "team"]

1. d4 Nf6 2. c4 c5 3. d5 b5 4. cxb5 a6 5. bxa6 g6 6. g3 Bxa6 7. Bg2 d6 8. Nf3
Bg7 9. O-O Nbd7 10. Nc3 O-O 11. Qc2 Qa5 12. Rd1 Ng4 13. Bd2 Rfb8 14. e4 Nge5 15.
Nxe5 Nxe5 16. Be1 Ra7 17. b3 c4 18. Ne2 Qd8 19. Nd4 Rc8 20. Bc3 cxb3 21. Qxb3
Bc4 22. Qc2 Ra3 23. Qb2 Rca8 24. Nc6 Qc7 25. Bxe5 Bxe5 26. Nxe5 dxe5 27. Rdc1
Rxa2 28. Rxa2 Rc8 29. Raa1 Qd6 30. Qa3 Qf6 31. Qb4 1-0

[Event "World Youth U16 Olympiad"]
[Site "Gyor HUN"]
[Date "2014.12.15"]
[Round "4.26"]
[Board "4"]
[White "Peng, Janet"]
[Black "Ameer, Dhafer Abdulameer"]
[Result "1-0"]
[BlackTitle "CM"]
[WhiteElo "1694"]
[BlackElo "1469"]
[WhiteTeam "Canada 3"]
[BlackTeam "Iraq"]
[WhiteFideId "2609827"]
[BlackFideId "4807537"]
[EventDate "2014.12.13"]
[EventType "team"]

1. d4 d5 2. c4 c6 3. cxd5 cxd5 4. Nc3 Nc6 5. Nf3 Bg4 6. Bf4 Nf6 7. e3 e6 8. Be2
Bb4 9. O-O O-O 10. Rc1 Rc8 11. a3 Bxc3 12. bxc3 Qa5 13. Qb3 b6 14. Bd6 Bxf3 15.
gxf3 b5 16. Bxf8 Kxf8 17. Qxb5 Qxa3 18. Ra1 Qd6 19. Qc5 Qxc5 20. dxc5 Ne5 21.
Rfb1 g6 22. Rxa7 Rxc5 23. Rbb7 h5 24. f4 Nc6 25. Rxf7+ Kg8 26. Rfc7 Ne8 27. Ra8
Kf8 28. Rcc8 Rxc3 29. Rxe8+ Kf7 30. Rec8 Rc1+ 31. Kg2 Re1 32. Rxc6 Rxe2 33. Ra7+
Kf6 34. Raa6 d4 35. Rxe6+ Kf7 36. Rf6+ Kg7 37. Rxg6+ Kh7 38. Rgb6 1-0

[Event "World Youth U16 Olympiad"]
[Site "Gyor HUN"]
[Date "2014.12.15"]
[Round "4.27"]
[Board "1"]
[White "Roos, Lucas"]
[Black "Giczi, Alexandra Laura"]
[Result "1-0"]
[WhiteElo "1732"]
[BlackElo "1424"]
[WhiteTeam "South Africa 1"]
[BlackTeam "Transdanubium 3"]
[WhiteFideId "14308673"]
[BlackFideId "763780"]
[EventDate "2014.12.13"]
[EventType "team"]

1. e4 e6 2. d4 d5 3. exd5 exd5 4. Bd3 Nc6 5. Ne2 Bd6 6. Nbc3 Nge7 7. Nb5 Bf5 8.
c3 Bxd3 9. Qxd3 a6 10. Nxd6+ Qxd6 11. Bf4 Qd7 12. O-O O-O 13. Rae1 Ng6 14. Qg3
Nxf4 15. Nxf4 Ne7 16. Re5 Ng6 17. Rxd5 Nxf4 18. Rxd7 Ne2+ 19. Kh1 Nxg3+ 20. fxg3
Rac8 21. Kg1 f6 22. Re1 Rfd8 23. Ree7 Rxd7 24. Rxd7 b5 25. Kf2 g5 26. g4 a5 27.
b3 c5 28. Ke3 c4 29. Kd2 b4 30. cxb4 axb4 31. Rb7 cxb3 32. axb3 Ra8 33. Ke3 Ra2
34. Kf3 Rd2 35. Rxb4 Kf7 36. h3 Ke6 37. Rb6+ Kd5 38. Rxf6 Rxd4 39. Rf5+ Ke6 40.
Rxg5 Rd3+ 41. Ke4 Rxb3 42. Rg7 Rb2 43. Kf3 Rb3+ 44. Kf4 Rb2 45. Kg3 Rb3+ 46. Kh4
Rb2 47. g3 Rb4 48. Rxh7 Kf6 49. Rh5 Kg6 50. Rg5+ Kh6 51. Rf5 Rc4 52. Rf4 Rc5 53.
g5+ Rxg5 54. Rf6+ Rg6 55. Rxg6+ Kxg6 56. Kg4 Kh6 57. Kf5 Kg7 58. g4 Kf7 59. h4
Kg7 60. h5 Kf7 61. g5 Kf8 62. Kf6 Kg8 63. g6 Kf8 64. g7+ Kg8 65. h6 Kh7 66. Kf7 1-0

[Event "World Youth U16 Olympiad"]
[Site "Gyor HUN"]
[Date "2014.12.15"]
[Round "4.27"]
[Board "2"]
[White "Juhasz, Judit"]
[Black "Berman, Jacob"]
[Result "0-1"]
[WhiteElo "1668"]
[BlackElo "1833"]
[WhiteTeam "Transdanubium 3"]
[BlackTeam "South Africa 1"]
[WhiteFideId "768499"]
[BlackFideId "2071010"]
[EventDate "2014.12.13"]
[EventType "team"]

1. e4 e6 2. d4 d5 3. exd5 exd5 4. Qf3 Bd6 5. Bd3 Ne7 6. c3 Nbc6 7. Ne2 Be6 8.
Bf4 Ng6 9. Bxd6 Qxd6 10. g3 O-O-O 11. Nd2 Rhe8 12. O-O-O Qd7 13. Qg2 Bh3 14. Qg1
Re7 15. f3 Rde8 16. Qf2 Re3 17. Bb5 a6 18. Bxc6 Qxc6 19. Rhe1 Bf5 20. g4 Bd3 21.
Ng3 R3e6 22. Nb3 Nf4 23. Rxe6 Qxe6 24. Nc5 Qh6 25. Rd2 Nh3 0-1

[Event "World Youth U16 Olympiad"]
[Site "Gyor HUN"]
[Date "2014.12.15"]
[Round "4.27"]
[Board "3"]
[White "Modi, Sachin"]
[Black "Pal, Istvan"]
[Result "1-0"]
[WhiteTitle "CM"]
[WhiteElo "1718"]
[BlackElo "1406"]
[WhiteTeam "South Africa 1"]
[BlackTeam "Transdanubium 3"]
[WhiteFideId "14304589"]
[BlackFideId "765090"]
[EventDate "2014.12.13"]
[EventType "team"]

1. e4 c5 2. Nc3 Nc6 3. f4 g6 4. Nf3 Bg7 5. Bb5 e6 6. e5 Nge7 7. Ne4 O-O 8. Bxc6
dxc6 9. Nxc5 Nd5 10. Nd3 Bh6 11. g3 Bg7 12. Nf2 f6 13. d4 Qb6 14. c3 c5 15. O-O
cxd4 16. Qxd4 Qc7 17. Qe4 f5 18. Qe2 Bd7 19. Nd4 Rfe8 20. c4 Nb6 21. b3 Rad8 22.
Ba3 Bf8 23. Bxf8 Rxf8 24. Rfd1 Rfe8 25. Rd2 Bc6 26. Nxc6 Qxc6 27. Rad1 Qc7 28.
Qe3 Rxd2 29. Rxd2 Rd8 30. Kf1 Kf8 31. Ke2 Rxd2+ 32. Qxd2 Qd7 33. Qd6+ Qxd6 34.
exd6 Ke8 35. Nd3 Nd7 36. c5 Kd8 37. Ke3 Nf6 38. Kd4 Nd5 39. b4 a6 40. a3 Kc8 41.
Ne5 Kd8 42. Nf7+ Ke8 43. Ng5 Nf6 44. Nxe6 Kd7 45. Ng5 Kc6 46. Nf3 Kd7 47. Ne5+
Ke8 48. a4 Kd8 49. b5 axb5 50. axb5 Nd7 51. Nxd7 Kxd7 52. Kd5 h6 53. c6+ bxc6+
54. bxc6+ Ke8 55. Ke6 h5 56. d7+ Kf8 57. d8=Q+ Kg7 58. Qe7+ Kh6 59. Kf6 h4 60.
Qg7+ Kh5 1-0

[Event "World Youth U16 Olympiad"]
[Site "Gyor HUN"]
[Date "2014.12.15"]
[Round "4.27"]
[Board "4"]
[White "Gaal, Zsoka"]
[Black "Breedt, Shade"]
[Result "0-1"]
[BlackTitle "WCM"]
[WhiteElo "1319"]
[BlackElo "1623"]
[WhiteTeam "Transdanubium 3"]
[BlackTeam "South Africa 1"]
[WhiteFideId "777765"]
[BlackFideId "14304511"]
[EventDate "2014.12.13"]
[EventType "team"]

1. Nf3 c5 2. c4 g6 3. g3 Bg7 4. Bg2 Nf6 5. O-O Nc6 6. d4 cxd4 7. Nxd4 Qb6 8.
Nxc6 dxc6 9. Nc3 Be6 10. Qa4 O-O 11. Rb1 Nd7 12. Be3 Bd4 13. Bxd4 Qxd4 14. Rfd1
Qc5 15. Ne4 Qe5 16. Qb4 Bf5 17. Rbc1 Nb6 18. Nc3 Rfd8 19. c5 Nd7 20. e4 Be6 21.
Ne2 Qc7 22. Nf4 Nf8 23. Nxe6 Nxe6 24. f4 a5 25. Qc3 Rxd1+ 26. Rxd1 Rd8 27. Rxd8+
Qxd8 28. Bh3 Qd1+ 29. Kg2 Nd4 30. Qe3 Qc2+ 31. Qf2 Qxe4+ 32. Kg1 Nf3+ 33. Kf1
Nd4 34. Bg4 Qd3+ 35. Kg2 Nc2 36. Be2 Qe4+ 37. Bf3 Ne1+ 38. Kf1 Nxf3 39. Qg2 Qe1# 0-1

[Event "World Youth U16 Olympiad"]
[Site "Gyor HUN"]
[Date "2014.12.16"]
[Round "5.1"]
[Board "1"]
[White "Paravyan, David"]
[Black "Ghosh, Diptayan"]
[Result "1/2-1/2"]
[WhiteTitle "IM"]
[BlackTitle "IM"]
[WhiteElo "2437"]
[BlackElo "2516"]
[WhiteTeam "Russia"]
[BlackTeam "India"]
[WhiteFideId "4194985"]
[BlackFideId "5045207"]
[EventDate "2014.12.13"]
[EventType "team"]

1. e4 e5 2. Nf3 Nc6 3. Bb5 a6 4. Ba4 Nf6 5. O-O Be7 6. Re1 b5 7. Bb3 d6 8. c3
O-O 9. h3 Nb8 10. d4 Nbd7 11. Nbd2 Bb7 12. Bc2 Re8 13. Nf1 Bf8 14. Ng3 g6 15. a4
Bg7 16. Bd3 c6 17. Be3 Qc7 18. dxe5 dxe5 19. c4 b4 20. c5 a5 21. Qc2 Nf8 22. Bc4
Ne6 23. Rad1 Bf8 24. Ng5 Nxg5 25. Bxg5 Nd7 26. Be3 Ba6 27. Bxa6 Rxa6 28. Rd3 Be7
29. Red1 Nf8 30. Ne2 Raa8 31. Nc1 Rad8 32. Nb3 Ne6 33. Qc4 Rxd3 34. Rxd3 Rd8 35.
Kh2 Rxd3 36. Qxd3 Qa7 1/2-1/2

[Event "World Youth U16 Olympiad"]
[Site "Gyor HUN"]
[Date "2014.12.16"]
[Round "5.1"]
[Board "2"]
[White "Karthikeyan, Murali"]
[Black "Goryachkina, Aleksandra"]
[Result "1/2-1/2"]
[WhiteTitle "IM"]
[BlackTitle "WGM"]
[WhiteElo "2497"]
[BlackElo "2441"]
[WhiteTeam "India"]
[BlackTeam "Russia"]
[WhiteFideId "5074452"]
[BlackFideId "4147103"]
[EventDate "2014.12.13"]
[EventType "team"]

1. e4 e5 2. Nf3 Nc6 3. Bb5 Nf6 4. O-O Nxe4 5. d4 Nd6 6. Ba4 exd4 7. c3 Be7 8.
cxd4 b5 9. Bc2 Nb4 10. Bb3 Bb7 11. Nc3 a5 12. a3 a4 13. Bxa4 bxa4 14. axb4 O-O
15. Ne5 Ne4 16. Rxa4 d6 17. Nd3 Qd7 18. Rxa8 Rxa8 19. f3 Nxc3 20. bxc3 Qb5 21.
Qe2 Bf6 22. Re1 h6 23. Nf2 Qxe2 24. Rxe2 c5 25. bxc5 dxc5 26. Ng4 Bh4 27. Bb2
cxd4 28. cxd4 h5 29. Ne5 Re8 30. g3 Bf6 31. Kf2 Bxe5 32. dxe5 Bd5 33. h3 Rc8 34.
Rd2 Bb3 35. Ke3 Rc2 36. Rd8+ Kh7 37. Bd4 Rh2 38. h4 Be6 39. Bc3 Rh1 40. Rd4 Kg6
41. Bd2 Kh7 42. Kf2 Rd1 43. Ke2 Rb1 44. Kf2 Rb5 45. Bf4 Rb2+ 46. Ke1 Rb1+ 1/2-1/2

[Event "World Youth U16 Olympiad"]
[Site "Gyor HUN"]
[Date "2014.12.16"]
[Round "5.1"]
[Board "3"]
[White "Vavulin, Maksim"]
[Black "Aravindh, Chithambaram VR."]
[Result "1-0"]
[WhiteTitle "IM"]
[BlackTitle "IM"]
[WhiteElo "2430"]
[BlackElo "2476"]
[WhiteTeam "Russia"]
[BlackTeam "India"]
[WhiteFideId "4169530"]
[BlackFideId "5072786"]
[EventDate "2014.12.13"]
[EventType "team"]

1. e4 c5 2. Nf3 Nc6 3. Bb5 g6 4. Bxc6 dxc6 5. d3 Bg7 6. h3 Nf6 7. Nc3 O-O 8. Be3
b6 9. Qd2 e5 10. Bh6 Qd6 11. Ne2 c4 12. Bxg7 Kxg7 13. Ng3 cxd3 14. cxd3 c5 15.
O-O h6 16. b4 cxb4 17. d4 Nd7 18. Rad1 Ba6 19. Rfe1 Rad8 20. Qb2 Kh7 21. dxe5
Qe7 22. Kh1 Rde8 23. Rd4 Nxe5 24. Nxe5 Qxe5 25. Qxb4 Qe7 26. Qd2 Rd8 27. Rd1
Rxd4 28. Qxd4 Rc8 29. Kg1 Bc4 30. a4 Be6 31. e5 Rc4 32. Qe3 Qc5 33. Qxc5 bxc5
34. Ra1 a5 35. f3 Bd5 36. Rd1 Rd4 37. Rxd4 cxd4 38. Ne2 Bc6 39. Nxd4 Bxa4 40. f4
Bd7 41. Kf2 a4 42. Nc2 h5 43. h4 Kg7 44. Ke3 Bf5 45. Na3 Kf8 46. Kd4 Ke7 47. Kd5
Bd3 48. g3 Be2 49. Nc2 Bd1 50. Na3 Bb3+ 51. Kd4 Ke6 52. Ke4 Bd5+ 53. Kd4 Ba2 54.
Nc2 Bb3 55. Na3 Kf5 56. Ke3 Kg4 57. Kf2 Kh3 58. Nb5 Bc4 59. Na3 Bd3 60. Kf3 Kh2
61. Kf2 Ba6 62. Kf3 Kg1 63. g4 Bb7+ 64. Kg3 hxg4 65. f5 gxf5 66. h5 Be4 67. h6
f4+ 68. Kxf4 Bh7 69. Kxg4 Kf2 70. Kg5 Ke3 71. Kf6 Kd4 72. Nb5+ Kc5 73. Kxf7 Kxb5
74. e6 a3 75. e7 a2 76. e8=Q+ Kb4 77. Qe5 Kb3 78. Kg7 Bd3 79. h7 a1=Q 80. Qxa1 1-0

[Event "World Youth U16 Olympiad"]
[Site "Gyor HUN"]
[Date "2014.12.16"]
[Round "5.1"]
[Board "4"]
[White "Kumaran, B"]
[Black "Sarana, Alexey"]
[Result "0-1"]
[WhiteElo "2316"]
[BlackElo "2391"]
[WhiteTeam "India"]
[BlackTeam "Russia"]
[WhiteFideId "5038472"]
[BlackFideId "24133795"]
[EventDate "2014.12.13"]
[EventType "team"]

1. e4 c5 2. b3 Nf6 3. Nc3 Nc6 4. Bb2 d6 5. f4 e6 6. Nf3 Be7 7. Bd3 a6 8. O-O b5
9. Kh1 Bb7 10. a4 bxa4 11. Rxa4 Nb4 12. Qe2 Nxd3 13. Qxd3 O-O 14. Qe2 Qc7 15. d3
Bc6 16. Ra2 Nd7 17. Nd5 exd5 18. exd5 Bf6 19. dxc6 Qxc6 20. Bxf6 Nxf6 21. Rfa1
Rfe8 22. Qd2 h6 23. h3 Re7 24. Re1 Rxe1+ 25. Qxe1 Re8 26. Qa1 Nh5 27. Rxa6 Qd5
28. Qa4 Re2 29. Qd7 Rxc2 30. Qd8+ Kh7 31. Qh4 g6 32. Ra7 Kg7 33. Qe1 Qxd3 34.
Rd7 Rb2 35. Ng1 Qc2 36. Ne2 Rb1 0-1